000 00656nam a2200265Ia 4500
003 OSt
005 20220924133324.0
006 a|||||r|||| 00| 0
007 ta
008 220923b |||||||| |||| 00| 0 tam d
020 _c30.00
024 _a264413
037 _cTextual
040 _aARTS
_cARTS
_btam
041 _2tam
_atam
082 _aO31,1:g, N8
100 _aPooranachandnan Au.
_9206191
245 0 _aThakarppum anaippum
260 _c1998
300 _a106p.
_ccm.
650 _a TAMIL POETRY
650 _aTAMIL LITERATURE
942 _hO31,1:g, N8
_cTEXL
_2CC
999 _c433462
_d433462